NBA Finals MVP Award Winners - Statistics

General Stats
  • This quiz has been taken 1,037 times
  • The average score is 36 of 44
Answer Stats
Year Player % Correct
2012 LeBron James
100%
1998 Michael Jordan
97%
1997 Michael Jordan
97%
1996 Michael Jordan
97%
1993 Michael Jordan
97%
1992 Michael Jordan
97%
1991 Michael Jordan
97%
1989 Joe Dumars
96%
2010 Kobe Bryant
96%
2009 Kobe Bryant
96%
2002 Shaquille O'Neal
95%
2001 Shaquille O'Neal
95%
2000 Shaquille O'Neal
95%
2005 Tim Duncan
95%
2003 Tim Duncan
95%
1999 Tim Duncan
95%
2011 Dirk Nowitzki
93%
1986 Larry Bird
91%
1984 Larry Bird
91%
1987 Magic Johnson
91%
1982 Magic Johnson
91%
1980 Magic Johnson
91%
1995 Hakeem Olajuwon
90%
1994 Hakeem Olajuwon
90%
1985 Kareem Abdul-Jabbar
90%
1971 Kareem Abdul-Jabbar
90%
2006 Dwyane Wade
89%
1988 James Worthy
89%
2008 Paul Pierce
87%
1977 Bill Walton
84%
2007 Tony Parker
83%
1990 Isiah Thomas
82%
1974 John Havlicek
79%
2004 Chauncey Billups
77%
1972 Wilt Chamberlain
74%
1978 Wes Unseld
72%
1979 Dennis Johnson
70%
1969 Jerry West
61%
1983 Moses Malone
61%
1973 Willis Reed
43%
1970 Willis Reed
43%
1975 Rick Barry
33%
1981 Cedric Maxwell
30%
1976 JoJo White
27%
No matching quizzes found
Score Distribution
Percent of People with Each Score
Percentile by Number Answered
Your Score History
You have not taken this quiz